ਸ਼ਹੀਦ-ਏ ਆਜ਼ਮ ਭਗਤ ਸਿੰਘ ਜੀ ਦੇ ਨਾਨਕਾ ਪਿੰਡ ਮੋਰਾਂਵਾਲੀ ਦਾ ਗੋਰਵਮਈ ਇਤਿਹਾਸ / (Record no. 88125)

MARC details
000 -LEADER
fixed length control field 01104nam a22002417a 4500
005 - DATE AND TIME OF LATEST TRANSACTION
control field 20150915122814.0
008 - FIXED-LENGTH DATA ELEMENTS--GENERAL INFORMATION
fixed length control field 090728t xxu||||| |||| 00| 0 pun d
010 ## - LCCN (DPL NO)
LC control number PUN- B-578141-144
020 ## - INTERNATIONAL STANDARD BOOK NUMBER
Terms of availability 150.00
035 ## - SYSTEM CONTROL NUMBER
System control number PN- B-578141-144
037 ## - SOURCE OF ACQUISITION
Source of stock number/acquisition DBAD / PUB
037 ## - SOURCE OF ACQUISITION
Source of stock number/acquisition BPPD/VEN/Reaserchko Books
040 ## - CATALOGING SOURCE
Original cataloging agency dpl
Language of cataloging pn
082 ## - DEWEY DECIMAL CLASSIFICATION NUMBER
Classification number 954.07
100 ## - MAIN ENTRY--PERSONAL NAME
Personal name ਜਗਤਾਰ ਸਿੰਘ ਰਾਏ
245 ## - TITLE STATEMENT
Title ਸ਼ਹੀਦ-ਏ ਆਜ਼ਮ ਭਗਤ ਸਿੰਘ ਜੀ ਦੇ ਨਾਨਕਾ ਪਿੰਡ ਮੋਰਾਂਵਾਲੀ ਦਾ ਗੋਰਵਮਈ ਇਤਿਹਾਸ /
Statement of responsibility, etc ਜਗਤਾਰ ਸਿੰਘ ਰਾਏ
246 ## - VARYING FORM OF TITLE
Title proper/short title Saheede- e azam Bhagat singh ji deNanke pind moranwali da gorav mayee itihaas
Remainder of title by Jagtar Singh Rai
260 ## - PUBLICATION, DISTRIBUTION, ETC. (IMPRINT)
Place of publication, distribution, etc Amritsar
Name of publisher, distributor, etc Azad Book Depot
Date of publication, distribution, etc 2012
270 ## - ADDRESS
City Amritsar
Address Haal Bazar,
Telephone number 0183-2292513
300 4# - PHYSICAL DESCRIPTION
Extent 112p.
Dimensions 22ਸੇਂਮੀ (ਸਜਿਲੱਦ)
942 ## - ADDED ENTRY ELEMENTS (KOHA)
Source of classification or shelving scheme Dewey Decimal Classification
Item type Punjabi Bks
Classification part 954.07
Call number suffix ਜਗਤਾ
Holdings
Withdrawn status Lost status Source of classification or shelving scheme Damaged status Not for loan Collection code Home library Current library Date acquired Source of acquisition Cost, normal purchase price Total Checkouts Full call number Date last seen Copy number Cost, replacement price Koha item type Barcode
    Dewey Decimal Classification     Non-fiction Central Library Central Library 15/09/2015 BPPD/163/27-8-14/41629/18-9-14/8-10-14 150.00   954.07 ਜਗਤਾ 15/09/2015 1 150.00 Punjabi Bks B-578141
    Dewey Decimal Classification     Non-fiction D.B.Act.Division D.B.Act.Division 29/08/2014 DBAD / PUB 150.00   954.07 ਜਗਤਾ 29/08/2014 1 150.00 Punjabi Bks  
    Dewey Decimal Classification     Non-fiction Janak Puri Janak Puri 15/09/2015 BPPD/163/27-8-14/41629/18-9-14/8-10-14 150.00 2 954.07 ਜਗਤਾ 22/04/2024 1 150.00 Punjabi Bks B-578142
    Dewey Decimal Classification     Non-fiction Karol Bagh Karol Bagh 15/09/2015 BPPD/163/27-8-14/41629/18-9-14/8-10-14 150.00   954.07 ਜਗਤਾ 15/09/2015 1 150.00 Punjabi Bks B-578144
    Dewey Decimal Classification     Non-fiction Vinoba Puri Vinoba Puri 15/09/2015 BPPD/163/27-8-14/41629/18-9-14/8-10-14 150.00   954.07 ਜਗਤਾ 15/09/2015 1 150.00 Punjabi Bks B-578143

© Delhi Public Library
Hit Counter
free hit counter